[Event "Koge Lang Sommer Weekend"]
[Site "Koge"]
[Date "2020.07.24"]
[Round "4"]
[White "Molvig, Henrik"]
[Black "Molvig, Julius"]
[Result "1/2-1/2"]
[WhiteElo "2075"]
[BlackElo "1955"]
[PlyCount "59"]
[EventDate "2020.07.22"]
[EventType "swiss"]
[EventRounds "7"]
[EventCountry "DEN"]
[SourceTitle "EXT 2021"]
[Source "ChessBase"]
[SourceDate "2020.10.23"]
[SourceVersion "1"]
[SourceVersionDate "2020.10.23"]
[SourceQuality "1"]

1. d4 Nf6 2. c4 c5 3. d5 b5 4. cxb5 a6 5. b6 Qxb6 6. Nc3 d6 7. e4 g6 8. a4 Bg7 9. a5 Qc7 10. Bc4 0-0 11. f4 e6 12. dxe6 fxe6 13. Nf3 Nc6 14. 0-0 Nd4 15. Nxd4 cxd4 16. Qxd4 Ng4 17. Qd3 Qc5+ 18. Kh1 Nf2+ 19. Rxf2 Qxf2 20. Bd2 Qd4 21. Qe2 Qa7 22. Rd1 Bd4 23. Qg4 d5 24. exd5 exd5 25. Bxd5+ Kg7 26. Qf3 Rb8 27. Na4 Bf5 28. Nb6 Rxb6 29. axb6 Qxb6 30. Bc3 1/2-1/2

[Event "Helsingor Xtracon op"]
[Site "Helsingor"]
[Date "2016.07.27"]
[Round "6"]
[White "Molvig, Julius"]
[Black "Skaale, Janus"]
[Result "1/2-1/2"]
[WhiteElo "1964"]
[BlackElo "1628"]
[PlyCount "90"]
[EventDate "2016.07.23"]
[EventType "swiss"]
[EventRounds "10"]
[EventCountry "DEN"]
[SourceTitle "CBM 173 Extra"]
[Source "ChessBase"]
[SourceDate "2016.08.29"]
[SourceVersion "1"]
[SourceVersionDate "2016.08.29"]
[SourceQuality "1"]

1. d4 d5 2. c4 c6 3. Nf3 Nf6 4. Nc3 dxc4 5. a4 Bf5 6. Bg5 Nbd7 7. e3 Nb6 8. a5 Nbd5 9. Bxc4 e6 10. 0-0 Be7 11. Qb3 Rb8 12. Rfe1 Nxc3 13. bxc3 Ne4 14. Bxe7 Qxe7 15. Rad1 0-0 16. Ne5 Nd6 17. Be2 Qc7 18. Qa4 f6 19. Nd3 b6 20. Nb4 b5 21. Qb3 Rbc8 22. Bf3 Qd7 23. e4 Bg6 24. e5 Nc4 25. exf6 Rxf6 26. Qa2 Kh8 27. Na6 Qf7 28. Nc5 Rxf3 29. gxf3 Qxf3 30. Qe2 Qxe2 31. Rxe2 Bh5 32. Rde1 Bxe2 33. Rxe2 Re8 34. f4 g6 35. Kf2 Re7 36. a6 Nb6 37. Rxe6 Rxe6 38. Nxe6 Nd5 39. Nd8 Ne7 40. Ke3 Kg7 41. Ke4 Kf6 42. h3 h6 43. h4 h5 44. Ke3 Kg7 45. Ke4 Kf6 1/2-1/2

[Event "Helsingor Xtracon op"]
[Site "Helsingor"]
[Date "2016.07.25"]
[Round "4"]
[White "Molvig, Julius"]
[Black "Skjoldager, Per"]
[Result "1/2-1/2"]
[WhiteElo "1964"]
[BlackElo "2160"]
[PlyCount "86"]
[EventDate "2016.07.23"]
[EventType "swiss"]
[EventRounds "10"]
[EventCountry "DEN"]
[SourceTitle "CBM 173 Extra"]
[Source "ChessBase"]
[SourceDate "2016.08.29"]
[SourceVersion "1"]
[SourceVersionDate "2016.08.29"]
[SourceQuality "1"]

1. d4 Nf6 2. c4 e6 3. Nf3 b6 4. g3 Bb7 5. Bg2 Be7 6. 0-0 0-0 7. b3 d5 8. Bb2 Nbd7 9. Nc3 Re8 10. Rc1 c5 11. cxd5 exd5 12. e3 Rc8 13. Qd3 c4 14. bxc4 Ba6 15. Nd2 dxc4 16. Qb1 b5 17. a3 Qb6 18. Rfd1 Bb7 19. Bxb7 Qxb7 20. Qf5 g6 21. Qxb5 Qxb5 22. Nxb5 Rb8 23. Nxa7 Rxb2 24. Nxc4 Rb3 25. a4 Nd5 26. Nc6 Bf8 27. Rb1 Rxb1 28. Rxb1 Rc8 29. N4e5 Nxe5 30. Nxe5 Ra8 31. Rb7 f6 32. Nd7 Bg7 33. Nc5 Bf8 34. Nd7 Bg7 35. Nc5 f5 36. Kf1 Bf6 37. Ke1 Nc3 38. Nd7 Bd8 39. Nc5 Ba5 40. Kf1 Bd8 41. Ke1 Bf6 42. Nd7 Bd8 43. Nc5 Ba5 1/2-1/2

[Event "Helsingor Xtracon op"]
[Site "Helsingor"]
[Date "2016.07.24"]
[Round "2"]
[White "Molvig, Julius"]
[Black "Rewitz, Poul"]
[Result "0-1"]
[WhiteElo "1964"]
[BlackElo "2202"]
[PlyCount "94"]
[EventDate "2016.07.23"]
[EventType "swiss"]
[EventRounds "10"]
[EventCountry "DEN"]
[SourceTitle "CBM 173 Extra"]
[Source "ChessBase"]
[SourceDate "2016.08.29"]
[SourceVersion "1"]
[SourceVersionDate "2016.08.29"]
[SourceQuality "1"]

1. d4 g6 2. c4 f5 3. g3 Nf6 4. Bg2 Bg7 5. Nf3 d6 6. b3 c6 7. Bb2 0-0 8. 0-0 Na6 9. Nbd2 Nc7 10. Qc2 Kh8 11. Rad1 a5 12. Rfe1 Nh5 13. e4 f4 14. d5 fxg3 15. hxg3 Bg4 16. Bxg7+ Nxg7 17. Qc3 b5 18. Rc1 b4 19. Qe3 c5 20. Qg5 Bxf3 21. Nxf3 e5 22. Qxd8 Raxd8 23. Kf1 a4 24. Ke2 Ra8 25. Ra1 Ra6 26. Rh1 Rfa8 27. Ng5 Nh5 28. bxa4 Kg7 29. Rhd1 Rxa4 30. Ne6+ Nxe6 31. dxe6 Rxa2+ 32. Rxa2 Rxa2+ 33. Kf3 Ra3+ 34. Ke2 Ra6 35. Rd3 Kf6 36. Bh3 Ke7 37. Kd1 Ng7 38. f4 exf4 39. gxf4 Ra3 40. Rxa3 bxa3 41. Kc2 Nxe6 42. f5 Nd4+ 43. Kc3 gxf5 44. exf5 h5 45. Bg2 Kf6 46. Be4 Ke5 47. Bb1 h4 0-1

[Event "Copenhagen Challenge"]
[Site "Ballerup"]
[Date "2016.04.24"]
[Round "8"]
[White "Molvig, Julius"]
[Black "Christensen, Allan Toftegaard"]
[Result "1-0"]
[WhiteElo "1971"]
[BlackElo "1711"]
[PlyCount "75"]
[EventDate "2016.04.20"]
[EventType "swiss"]
[EventRounds "9"]
[EventCountry "DEN"]
[SourceTitle "CBM 172 Extra"]
[Source "ChessBase"]
[SourceDate "2016.06.21"]
[SourceVersion "1"]
[SourceVersionDate "2016.06.21"]
[SourceQuality "1"]

1. d4 f5 2. Nf3 Nf6 3. g3 e6 4. Bg2 Be7 5. 0-0 0-0 6. b3 b6 7. Ne5 d5 8. Bb2 Nfd7 9. Nd3 Ba6 10. Nf4 Rf6 11. Nxd5 exd5 12. Bxd5+ Kh8 13. Bxa8 c6 14. d5 Rd6 15. c4 b5 16. Qc2 bxc4 17. bxc4 c5 18. Nd2 Nb6 19. Be5 Nxa8 20. Bxd6 Qxd6 21. Qxf5 Bf6 22. Rab1 Nb6 23. Ne4 Qe5 24. Qxe5 Bxe5 25. Nxc5 Bxc4 26. Rfd1 Bxa2 27. Rbc1 Bxd5 28. e4 Bg8 29. f4 Bf6 30. e5 Be7 31. Ne4 h6 32. Rc7 Bb4 33. Rxa7 Bd5 34. Rxd5 Nxd5 35. Ra8 Kh7 36. Rxb8 Kg6 37. Rb5 Nc3 38. Rxb4 1-0

[Event "Copenhagen Challenge"]
[Site "Ballerup"]
[Date "2016.04.22"]
[Round "4"]
[White "Molvig, Julius"]
[Black "Marthedal, Anton Mehmet Yildiz"]
[Result "1-0"]
[WhiteElo "1971"]
[BlackElo "1941"]
[PlyCount "59"]
[EventDate "2016.04.20"]
[EventType "swiss"]
[EventRounds "9"]
[EventCountry "DEN"]
[SourceTitle "CBM 172 Extra"]
[Source "ChessBase"]
[SourceDate "2016.06.21"]
[SourceVersion "1"]
[SourceVersionDate "2016.06.21"]
[SourceQuality "1"]

1. d4 d5 2. c4 dxc4 3. Nf3 Nf6 4. e3 Bg4 5. Bxc4 e6 6. h3 Bh5 7. Nbd2 Nc6 8. Qc2 a6 9. 0-0 Bg6 10. Qd1 Bd6 11. a3 0-0 12. b4 e5 13. dxe5 Nxe5 14. Bb2 Nxf3+ 15. Nxf3 Qe7 16. Qb3 Rad8 17. Rac1 b5 18. Be2 Be4 19. Nd4 Qe5 20. f4 Qe7 21. Bf3 Rde8 22. g4 c5 23. bxc5 Bxc5 24. Bxe4 Nxe4 25. Nf5 Qa7 26. Bxg7 Nd2 27. Qc3 Bxe3+ 28. Kh2 Nxf1+ 29. Rxf1 Rc8 30. Nh6# 1-0

[Event "Copenhagen Challenge"]
[Site "Ballerup"]
[Date "2016.04.22"]
[Round "5"]
[White "Sundin, Sven Ingvar"]
[Black "Molvig, Julius"]
[Result "1/2-1/2"]
[WhiteElo "1633"]
[BlackElo "1971"]
[PlyCount "51"]
[EventDate "2016.04.20"]
[EventType "swiss"]
[EventRounds "9"]
[EventCountry "DEN"]
[SourceTitle "CBM 172 Extra"]
[Source "ChessBase"]
[SourceDate "2016.06.21"]
[SourceVersion "1"]
[SourceVersionDate "2016.06.21"]
[SourceQuality "1"]

1. e4 c5 2. Nf3 e6 3. d4 cxd4 4. Nxd4 a6 5. Nc3 Qc7 6. Be2 Nf6 7. 0-0 Bb4 8. Qd3 Bxc3 9. bxc3 d5 10. exd5 Nxd5 11. Bd2 Nf4 12. Bxf4 Qxf4 13. Qf3 Qxf3 14. Bxf3 Nd7 15. Rab1 Nc5 16. c4 0-0 17. Nb3 Nd7 18. Na5 Ne5 19. Bxb7 Bxb7 20. Rxb7 Rfc8 21. Rb4 Rc5 22. Rfb1 g6 23. Ra4 Rac8 24. Rbb4 Rd8 25. h3 Rdc8 26. Kh2 1/2-1/2

[Event "Copenhagen Challenge"]
[Site "Ballerup"]
[Date "2016.04.20"]
[Round "1"]
[White "Boe, Mads"]
[Black "Molvig, Julius"]
[Result "1-0"]
[WhiteElo "2303"]
[BlackElo "1971"]
[PlyCount "75"]
[EventDate "2016.04.20"]
[EventType "swiss"]
[EventRounds "9"]
[EventCountry "DEN"]
[SourceTitle "CBM 172 Extra"]
[Source "ChessBase"]
[SourceDate "2016.06.21"]
[SourceVersion "1"]
[SourceVersionDate "2016.06.21"]
[SourceQuality "1"]

1. d4 Nf6 2. Nf3 g6 3. Bg5 Ne4 4. Bf4 d6 5. e3 c5 6. Bd3 Nf6 7. c3 Bg7 8. Nbd2 cxd4 9. exd4 Nc6 10. Qe2 0-0 11. 0-0 Re8 12. Bg5 Qc7 13. Bh4 a6 14. a4 b6 15. Bc4 h6 16. Rfe1 e5 17. dxe5 Nxe5 18. Nxe5 Rxe5 19. Qf3 Bb7 20. Qd3 d5 21. Bb3 Rae8 22. Rxe5 Qxe5 23. Rd1 Qc7 24. Nf3 g5 25. Bg3 Qc5 26. Be5 Ne4 27. Bd4 Bxd4 28. Nxd4 f5 29. h3 Qf8 30. Nc2 Re5 31. Qd4 Qf6 32. Ne3 Nc5 33. Ba2 Kg7 34. a5 Nd7 35. Bxd5 Bxd5 36. Nxd5 Qe6 37. f4 gxf4 38. Nxf4 1-0

[Event "Politiken Cup 37th"]
[Site "Helsingor"]
[Date "2015.08.01"]
[Round "9"]
[White "Fossan, Aleksander"]
[Black "Molvig, Julius"]
[Result "1-0"]
[WhiteElo "1798"]
[BlackElo "1926"]
[PlyCount "83"]
[EventDate "2015.07.25"]
[EventType "swiss"]
[EventRounds "10"]
[EventCountry "DEN"]
[SourceTitle "CBM 167 Extra"]
[Source "ChessBase"]
[SourceDate "2015.09.14"]
[SourceVersion "1"]
[SourceVersionDate "2015.09.14"]
[SourceQuality "1"]

1. e4 c5 2. c3 Nf6 3. e5 Nd5 4. d4 cxd4 5. Nf3 Nc6 6. Bc4 Nb6 7. Bb3 d5 8. exd6 Qxd6 9. 0-0 Bf5 10. Nxd4 Nxd4 11. cxd4 e6 12. Nc3 a6 13. Qf3 Qd7 14. d5 Bb4 15. dxe6 fxe6 16. Rd1 Qc8 17. Be3 Nd7 18. Ba4 b5 19. Nxb5 0-0 20. Nd6 Bxd6 21. Rxd6 Ne5 22. Qg3 Ng6 23. Rc1 Qb8 24. Bc6 e5 25. Bd5+ Kh8 26. Rb6 Qd8 27. Bxa8 Nf4 28. Bf3 h5 29. Rb7 g5 30. h4 Rg8 31. hxg5 Rxg5 32. Rb8 Nh3+ 33. Kh2 Qxb8 34. Bxg5 Nxg5 35. Qxg5 e4+ 36. Qg3 Qxb2 37. Rd1 Qf6 38. Bxh5 Be6 39. Bg4 Bg8 40. Rd6 Qe7 41. Rh6+ Bh7 42. Bf5 1-0

[Event "Politiken Cup 37th"]
[Site "Helsingor"]
[Date "2015.07.31"]
[Round "8"]
[White "Molvig, Julius"]
[Black "Kakulidis, Ellen"]
[Result "1/2-1/2"]
[WhiteElo "1926"]
[BlackElo "1770"]
[PlyCount "99"]
[EventDate "2015.07.25"]
[EventType "swiss"]
[EventRounds "10"]
[EventCountry "DEN"]
[SourceTitle "CBM 167 Extra"]
[Source "ChessBase"]
[SourceDate "2015.09.14"]
[SourceVersion "1"]
[SourceVersionDate "2015.09.14"]
[SourceQuality "1"]

1. d4 Nf6 2. c4 c5 3. d5 e6 4. Nc3 exd5 5. cxd5 d6 6. e4 g6 7. f4 Qe7 8. Bd3 Bg7 9. Nf3 Bg4 10. 0-0 0-0 11. h3 Bxf3 12. Qxf3 Nbd7 13. Bd2 a6 14. a4 Ne8 15. Rae1 Qd8 16. Kh1 Nc7 17. g4 Rb8 18. g5 b5 19. axb5 axb5 20. h4 b4 21. Na4 Nb5 22. Bxb5 Rxb5 23. b3 Ra5 24. h5 Qb8 25. hxg6 fxg6 26. Qh3 Rf7 27. f5 c4 28. fxg6 Rxf1+ 29. Rxf1 hxg6 30. Qe6+ Kh8 31. Rf3 Nf8 32. Rh3+ Nh7 33. Qxg6 Qg8 34. Bxb4 Rxd5 35. Qxh7+ Qxh7 36. Rxh7+ Kxh7 37. exd5 cxb3 38. Bc3 Bxc3 39. Nxc3 Kg6 40. Kg2 Kxg5 41. Kf3 Kf5 42. Ke3 Ke5 43. Kd2 b2 44. Kc2 Kd4 45. Kxb2 Kc4 46. Kc2 Kd4 47. Kb3 Kc5 48. Kc2 Kd4 49. Kb2 Kc4 50. Kc2 1/2-1/2

[Event "Politiken Cup 37th"]
[Site "Helsingor"]
[Date "2015.07.30"]
[Round "7"]
[White "Hvenekilde, Jorgen"]
[Black "Molvig, Julius"]
[Result "1-0"]
[WhiteElo "2114"]
[BlackElo "1926"]
[PlyCount "71"]
[EventDate "2015.07.25"]
[EventType "swiss"]
[EventRounds "10"]
[EventCountry "DEN"]
[SourceTitle "CBM 167 Extra"]
[Source "ChessBase"]
[SourceDate "2015.09.14"]
[SourceVersion "1"]
[SourceVersionDate "2015.09.14"]
[SourceQuality "1"]

1. e4 c5 2. Nf3 e6 3. Be2 Qc7 4. 0-0 Nc6 5. Re1 Nf6 6. Bf1 d6 7. c3 Be7 8. d4 cxd4 9. cxd4 0-0 10. Nc3 a6 11. h3 b5 12. Bf4 Bb7 13. Rc1 Qd7 14. e5 Nd5 15. Nxd5 exd5 16. Bd3 Nd8 17. Qc2 h6 18. Qd2 h5 19. exd6 Bxd6 20. Ne5 Bxe5 21. Bxe5 Ne6 22. Bf5 Rac8 23. Rxc8 Rxc8 24. Re3 h4 25. Qd1 Qd8 26. Qg4 Rc1+ 27. Kh2 Ng5 28. f4 f6 29. fxg5 fxe5 30. Be6+ Kf8 31. Rxe5 Rf1 32. Qxh4 Qc7 33. Qh8+ Ke7 34. Bf5+ Kd6 35. Qf8+ Kc6 36. Qc5# 1-0

[Event "Borup Skovbo op"]
[Site "Borup"]
[Date "2014.09.14"]
[Round "9"]
[White "Molvig, Julius"]
[Black "Pawlak, Wojciech Zbignew"]
[Result "1-0"]
[WhiteElo "1913"]
[BlackElo "1705"]
[PlyCount "49"]
[EventDate "2014.09.05"]
[EventType "swiss"]
[EventRounds "9"]
[EventCountry "DEN"]
[SourceTitle "CBM 162 Extra"]
[Source "ChessBase"]
[SourceDate "2014.10.17"]
[SourceVersion "1"]
[SourceVersionDate "2014.10.17"]
[SourceQuality "1"]

1. d4 Nf6 2. c4 g6 3. Nc3 d5 4. cxd5 Nxd5 5. e4 Nxc3 6. bxc3 Bg7 7. Bc4 c5 8. Be3 Nc6 9. Ne2 0-0 10. 0-0 Bg4 11. f3 Bd7 12. Rb1 cxd4 13. cxd4 Qc7 14. Qd3 Na5 15. Bd5 Bc6 16. Rfc1 e6 17. Bxc6 Nxc6 18. Qc4 Qd7 19. Qb5 Rfd8 20. Qxb7 Bxd4 21. Nxd4 Qxb7 22. Rxb7 Nxd4 23. Rcc7 e5 24. Rxf7 Rac8 25. Rg7+ 1-0

[Event "Borup Skovbo op"]
[Site "Borup"]
[Date "2014.09.11"]
[Round "5"]
[White "Kjaergaard Jensen, Jesper"]
[Black "Molvig, Julius"]
[Result "1-0"]
[WhiteElo "2151"]
[BlackElo "1913"]
[PlyCount "85"]
[EventDate "2014.09.05"]
[EventType "swiss"]
[EventRounds "9"]
[EventCountry "DEN"]
[SourceTitle "CBM 162 Extra"]
[Source "ChessBase"]
[SourceDate "2014.10.17"]
[SourceVersion "1"]
[SourceVersionDate "2014.10.17"]
[SourceQuality "1"]

1. d4 Nf6 2. Nf3 g6 3. c3 Bg7 4. Bg5 0-0 5. Nbd2 d6 6. e4 c5 7. dxc5 dxc5 8. Bc4 Nc6 9. Qe2 Ng4 10. Rd1 Qc7 11. h4 h5 12. g3 Nge5 13. Qe3 Bg4 14. Be2 Qb6 15. Nxe5 Nxe5 16. f3 Be6 17. Bxe7 Rfe8 18. Bxc5 Qxb2 19. Rb1 Qxa2 20. Rxb7 Nc4 21. Bxc4 Bxc4 22. Kf2 Rad8 23. Bd4 Bxd4 24. cxd4 Re6 25. Rhb1 a5 26. Qc3 Rc6 27. Ra1 Ba6 28. Rxa2 Rxc3 29. Ra7 Bd3 30. d5 f5 31. R7xa5 fxe4 32. fxe4 Rf8+ 33. Kg2 Rc1 34. Ra8 Rxa8 35. Rxa8+ Kf7 36. Ra3 Bb5 37. Kf2 Kf6 38. Ke3 Rg1 39. Kf4 Rg2 40. Nf3 Bc4 41. Ra7 g5+ 42. hxg5+ Kg6 43. Ne5# 1-0

[Event "Politiken Cup 36th"]
[Site "Helsingor"]
[Date "2014.07.27"]
[Round "8"]
[White "Molvig, Julius"]
[Black "Jensen, Thore Nyboe"]
[Result "0-1"]
[WhiteElo "1892"]
[BlackElo "2058"]
[PlyCount "72"]
[EventDate "2014.07.21"]
[EventType "swiss"]
[EventRounds "10"]
[EventCountry "DEN"]
[SourceTitle "CBM 161 Extra"]
[Source "ChessBase"]
[SourceDate "2014.08.29"]
[SourceVersion "1"]
[SourceVersionDate "2014.08.29"]
[SourceQuality "1"]

1. d4 d5 2. c4 c6 3. Nf3 Nf6 4. Nc3 a6 5. Bf4 dxc4 6. a4 Nd5 7. Bg3 Qa5 8. Rc1 Nd7 9. e4 Nxc3 10. bxc3 b5 11. axb5 axb5 12. d5 Bb7 13. d6 exd6 14. Bxd6 Bxd6 15. Qxd6 Qa3 16. Qxa3 Rxa3 17. Nd4 Nc5 18. f3 0-0 19. Be2 Na4 20. Kf2 Nxc3 21. Rc2 Rd8 22. Nf5 g6 23. Ne3 Nxe2 24. Kxe2 Kg7 25. Rb1 Ba6 26. Ng4 c3 27. Ke3 c5 28. Ne5 b4 29. Kf2 f6 30. Nc6 Rd6 31. Ne7 Bd3 32. Rd1 Bxc2 33. Rxd6 Ba4 34. e5 fxe5 35. Rd5 c2 36. Rxc5 Rc3 0-1

[Event "Politiken Cup 36th"]
[Site "Helsingor"]
[Date "2014.07.23"]
[Round "4"]
[White "Molvig, Julius"]
[Black "Brorsen, Jacob Abildlund"]
[Result "0-1"]
[WhiteElo "1892"]
[BlackElo "2179"]
[PlyCount "152"]
[EventDate "2014.07.21"]
[EventType "swiss"]
[EventRounds "10"]
[EventCountry "DEN"]
[SourceTitle "CBM 161 Extra"]
[Source "ChessBase"]
[SourceDate "2014.08.29"]
[SourceVersion "1"]
[SourceVersionDate "2014.08.29"]
[SourceQuality "1"]

1. d4 Nf6 2. c4 c5 3. d5 b5 4. cxb5 a6 5. bxa6 g6 6. Nc3 Bxa6 7. g3 d6 8. Bg2 Bg7 9. Nf3 Nbd7 10. Rb1 0-0 11. 0-0 Qa5 12. h3 Nb6 13. b3 Bb7 14. Bd2 Qa7 15. e4 Ba6 16. Re1 Nfd7 17. Qc2 Ne5 18. Nxe5 Bxe5 19. a4 Nd7 20. f4 Bd3 21. Qxd3 c4+ 22. Be3 cxd3 23. Bxa7 Bxc3 24. Rec1 Bd2 25. Rd1 Rxa7 26. Rxd2 Rb8 27. Rxd3 Rxa4 28. Re1 Ra3 29. e5 Nc5 30. Rde3 Rbxb3 31. Rxb3 Rxb3 32. exd6 exd6 33. Kh2 Kg7 34. Re2 Kf6 35. Bh1 Rd3 36. g4 h6 37. Re8 Rd4 38. Kg3 Nd3 39. Be4 Nb4 40. f5 g5 41. h4 Nxd5 42. Bxd5 Rxd5 43. hxg5+ hxg5 44. Re3 Rd1 45. Kf3 d5 46. Kf2 Rd4 47. Kf3 Rf4+ 48. Kg3 Rc4 49. Kf3 Rf4+ 50. Kg3 Re4 51. Rb3 Re7 52. Kf3 d4 53. Rb5 Rd7 54. Ke4 d3 55. Rb1 d2 56. Rd1 Rd6 57. Kf3 Ke5 58. Ke3 Rd8 59. Kf3 Rd3+ 60. Ke2 Ke4 61. Kf2 Kf4 62. Ke2 Rd6 63. Rf1+ Kxg4 64. Kd1 Rd5 65. f6 Kh5 66. Rh1+ Kg6 67. Rf1 Rd4 68. Rf2 g4 69. Rf1 g3 70. Rf3 Rg4 71. Rf1 Kg5 72. Kxd2 g2 73. Rg1 Kf4 74. Ke2 Kg3 75. Ke3 Kh2 76. Kf2 Rf4+ 0-1

[Event "Politiken Cup 36th"]
[Site "Helsingor"]
[Date "2014.07.22"]
[Round "2"]
[White "Molvig, Julius"]
[Black "Jacobsen, Per"]
[Result "1-0"]
[WhiteElo "1892"]
[BlackElo "1655"]
[PlyCount "61"]
[EventDate "2014.07.21"]
[EventType "swiss"]
[EventRounds "10"]
[EventCountry "DEN"]
[SourceTitle "CBM 161 Extra"]
[Source "ChessBase"]
[SourceDate "2014.08.29"]
[SourceVersion "1"]
[SourceVersionDate "2014.08.29"]
[SourceQuality "1"]

1. d4 Nf6 2. c4 e5 3. dxe5 Ne4 4. Nf3 Nc6 5. Qc2 Nc5 6. a3 a5 7. b3 d6 8. exd6 Bxd6 9. Bb2 f6 10. Nc3 Bg4 11. Rd1 Bxf3 12. exf3 Qe7+ 13. Be2 0-0 14. Nd5 Qe6 15. 0-0 Nxb3 16. Qxb3 Qxe2 17. Rfe1 a4 18. Qc3 Bxh2+ 19. Kxh2 Qxf2 20. Nxc7 Rad8 21. Rxd8 Rxd8 22. Nd5 Ne5 23. Rd1 Kf7 24. Rd4 Ng6 25. Qd2 Qf1 26. Ne3 Rxd4 27. Qxd4 Qf2 28. Qd7+ Kf8 29. Qc8+ Kf7 30. Qxb7+ Kg8 31. Nf5 1-0

[Event "Politiken Cup 36th"]
[Site "Helsingor"]
[Date "2014.07.21"]
[Round "1"]
[White "Matthiesen, Martin"]
[Black "Molvig, Julius"]
[Result "1-0"]
[WhiteElo "2316"]
[BlackElo "1892"]
[PlyCount "109"]
[EventDate "2014.07.21"]
[EventType "swiss"]
[EventRounds "10"]
[EventCountry "DEN"]
[SourceTitle "CBM 161 Extra"]
[Source "ChessBase"]
[SourceDate "2014.08.29"]
[SourceVersion "1"]
[SourceVersionDate "2014.08.29"]
[SourceQuality "1"]

1. d4 Nf6 2. c4 g6 3. Nc3 Bg7 4. e4 d6 5. f3 0-0 6. Be3 Na6 7. Nge2 c5 8. d5 e6 9. Ng3 exd5 10. cxd5 Nc7 11. a4 Re8 12. Be2 Rb8 13. Qd2 h5 14. 0-0 b6 15. Nh1 a6 16. Rab1 b5 17. axb5 axb5 18. b4 c4 19. Ra1 Qe7 20. Ra7 Bb7 21. Bd4 Nd7 22. Nf2 Bxd4 23. Qxd4 Qf6 24. Qd2 Nb6 25. Rb1 Re7 26. Ra5 Ra8 27. Nfd1 Ba6 28. Ne3 Rae8 29. Nc2 Na4 30. Nxa4 bxa4 31. Qd4 Qxd4+ 32. Nxd4 Ra8 33. Rxa4 Ree8 34. b5 Reb8 35. Bxc4 Bb7 36. Rba1 Rxa4 37. Rxa4 Na8 38. Ra7 Nb6 39. Bb3 Kf8 40. Kf2 Nc8 41. Ra5 Ra8 42. Rxa8 Bxa8 43. Nc2 Ke7 44. Ke3 Kd7 45. Na3 Kc7 46. Nc4 Nb6 47. Kd4 f6 48. f4 Bb7 49. h4 Bc8 50. Nxb6 Kxb6 51. e5 fxe5+ 52. fxe5 dxe5+ 53. Kxe5 Bf5 54. d6 Kxb5 55. Be6 1-0

[Event "Copenhagen Challenge"]
[Site "Ballerup"]
[Date "2014.05.16"]
[Round "4"]
[White "Olsen, Aage Dalstrup"]
[Black "Molvig, Julius"]
[Result "1-0"]
[WhiteElo "2054"]
[BlackElo "1899"]
[PlyCount "77"]
[EventDate "2014.05.14"]
[EventType "swiss"]
[EventRounds "9"]
[EventCountry "DEN"]
[SourceTitle "CBM 160 Extra"]
[Source "ChessBase"]
[SourceDate "2014.07.01"]
[SourceVersion "1"]
[SourceVersionDate "2014.07.01"]
[SourceQuality "1"]

1. e4 c5 2. d4 cxd4 3. c3 Nf6 4. e5 Nd5 5. cxd4 Nc6 6. Nf3 d6 7. exd6 Qxd6 8. Nc3 Bg4 9. Be2 g6 10. 0-0 Bg7 11. Qb3 Nb6 12. Ng5 Be6 13. Nxe6 fxe6 14. Nb5 Qd7 15. Bg4 Nxd4 16. Nxd4 Qxd4 17. Bxe6 Qd6 18. Be3 Kf8 19. Rfd1 Qc6 20. Rac1 Qa4 21. Qd3 Bxb2 22. Bh6+ Ke8 23. Rb1 Qc6 24. Qb3 Rf8 25. Bxf8 Kxf8 26. Rxb2 Na4 27. Qxb7 Qxb7 28. Rxb7 Nc5 29. Rdb1 Nxe6 30. Rb8+ Rxb8 31. Rxb8+ Kf7 32. Ra8 Kf6 33. Rxa7 Nc5 34. a4 h5 35. a5 Ke6 36. Ra8 Kd7 37. a6 Kc7 38. a7 Kb7 39. Rc8 1-0

[Event "DEN-ch G7-A"]
[Site "Skorping"]
[Date "2014.04.17"]
[Round "3"]
[White "Molvig, Julius"]
[Black "Jensen, Morten Frank"]
[Result "0-1"]
[WhiteElo "1964"]
[BlackElo "1911"]
[PlyCount "116"]
[EventDate "2014.04.15"]
[EventType "swiss"]
[EventRounds "7"]
[EventCountry "DEN"]
[SourceTitle "EXT 2023"]
[Source "ChessBase"]
[SourceDate "2022.10.05"]
[SourceVersion "1"]
[SourceVersionDate "2022.10.05"]
[SourceQuality "1"]

1. d4 g6 2. c4 Bg7 3. Nc3 c5 4. d5 Bxc3+ 5. bxc3 f5 6. Nf3 Qa5 7. Qb3 Nf6 8. g3 d6 9. Bg2 Nbd7 10. Nd2 Nb6 11. 0-0 Bd7 12. a4 0-0-0 13. h3 h5 14. Nf3 Ne4 15. Kh2 Qxc3 16. Qxc3 Nxc3 17. Bb2 Nbxa4 18. Bxc3 Nxc3 19. Rxa7 Kb8 20. Ra3 Ne4 21. Kg1 Kc7 22. Rfa1 Rdg8 23. R1a2 g5 24. h4 Rg7 25. hxg5 Nxg5 26. Nxg5 Rxg5 27. Ra8 Rxa8 28. Rxa8 Rg4 29. Bf3 Rxc4 30. Bxh5 b5 31. Ra7+ Kc8 32. Ra1 Ra4 33. Rb1 b4 34. Kf1 Ra2 35. Ke1 Ba4 36. Bg6 Bc2 37. Rc1 b3 38. Rxc2 bxc2 39. Bxf5+ Kd8 40. Kd2 c1Q+ 41. Kxc1 Rxe2 42. f3 Rg2 43. g4 Ke8 44. Kd1 Kf7 45. Ke1 Kf6 46. f4 c4 47. Kf1 Rd2 48. Be4 Rd4 49. g5+ Kg7 50. Bc2 Rxf4+ 51. Ke2 Rd4 52. Ke3 Rxd5 53. g6 Rg5 54. Kd4 d5 55. Bb1 e6 56. Bc2 Rxg6 57. Ke5 Rg2 58. Bb1 Rb2 0-1

[Event "Koge Xtracon op"]
[Site "Koge"]
[Date "2013.10.19"]
[Round "7"]
[White "Molvig, Julius"]
[Black "Ulybin, Mikhail"]
[Result "0-1"]
[WhiteElo "1893"]
[BlackElo "2523"]
[PlyCount "100"]
[EventDate "2013.10.14"]
[EventType "swiss"]
[EventRounds "9"]
[EventCountry "DEN"]
[SourceTitle "EXT 2014"]
[Source "ChessBase"]
[SourceDate "2013.11.20"]
[SourceVersion "1"]
[SourceVersionDate "2013.11.20"]
[SourceQuality "1"]

1. d4 e6 2. c4 f5 3. g3 Nf6 4. Bg2 c6 5. Nc3 d5 6. Nf3 Bd6 7. b3 0-0 8. 0-0 b6 9. Bb2 Bb7 10. Rc1 Nbd7 11. e3 Qe7 12. Ne2 Ne4 13. Nf4 Rac8 14. h4 Ndf6 15. Rc2 a5 16. Qc1 a4 17. Rd1 axb3 18. axb3 Nd7 19. Bf1 Nb8 20. Nd3 Na6 21. Kg2 c5 22. Be2 dxc4 23. bxc4 Bc6 24. dxc5 Naxc5 25. Nxc5 bxc5 26. Be5 Bxe5 27. Nxe5 Ba4 28. f4 Nf6 29. Bf3 Qc7 30. Rb2 Bxd1 31. Qxd1 Rb8 32. Ra2 Rb6 33. Qa4 Rfb8 34. Nc6 Rc8 35. Ne5 h5 36. Kh3 Ng4 37. Rd2 Nxe5 38. fxe5 Qxe5 39. Qd7 Rf8 40. Qe7 Rb3 41. Rd8 Rxd8 42. Qxd8+ Kh7 43. Qg5 Qxe3 44. Qxh5+ Qh6 45. Qxh6+ Kxh6 46. Bc6 f4 47. Kg4 fxg3 48. Kf4 Kh5 49. Ke5 Kxh4 50. Kxe6 Rb6 0-1

[Event "Koge Xtracon op"]
[Site "Koge"]
[Date "2013.10.19"]
[Round "8"]
[White "Prosviriakov, Vladimir"]
[Black "Molvig, Julius"]
[Result "1-0"]
[WhiteElo "2300"]
[BlackElo "1893"]
[PlyCount "56"]
[EventDate "2013.10.14"]
[EventType "swiss"]
[EventRounds "9"]
[EventCountry "DEN"]
[SourceTitle "EXT 2014"]
[Source "ChessBase"]
[SourceDate "2013.11.20"]
[SourceVersion "1"]
[SourceVersionDate "2013.11.20"]
[SourceQuality "1"]

1. e4 c5 2. Nf3 d6 3. d4 cxd4 4. Qxd4 a6 5. c4 Nc6 6. Qd2 Nf6 7. Nc3 g6 8. h3 Bg7 9. Bd3 b6 10. 0-0 Bb7 11. b3 0-0 12. Bb2 Rc8 13. Rad1 Nd7 14. Nd5 Nce5 15. Nxe5 dxe5 16. Be2 Nc5 17. Qb4 Bxd5 18. exd5 Qc7 19. Qc3 Rfd8 20. Rfe1 e6 21. Bf3 a5 22. Qe3 f6 23. dxe6 Nxe6 24. Bd5 Qd6 25. Ba3 Qd7 26. Qxb6 Kf7 27. Qxa5 Ke8 28. Qb4 Nd4 1-0